Potřebujeme ještě klasická neuroleptika?

Bibliographic Details
Main Author: Chval, Josef (Author)
Format: Article
Language:Slovak
Czech
ISSN:1335-9584
Subjects:

MARC

LEADER 00000nab a2200000 a 4500
001 vtls008876723
003 SK-MaSNL
005 20260304144910.0
008 250505c2005 xo 0 slo
015 |a SNBCL2005/5 
035 |a SLK037683 
035 |a urn:nbn:sk:snk-abypm 
035 |a (urnnbn)urn:nbn:sk:snk:ar-a05qrs 
035 |a (uuid)4bb2dd6c-4dd7-4eb3-80a2-88728e54c194 
040 |a SNKBUCL  |b slo  |c SNKBUCL  |e AACR2 
041 0 |a cze  |b cze 
044 |a xo  |c SK 
080 |a 616.895.8-085:615.21  |2 1981 
100 1 |a Chval, Josef  |4 aut  |9 92574 
245 1 0 |a Potřebujeme ještě klasická neuroleptika?  |c Josef Chval 
504 |a Res. čes. 
650 0 7 |a antipsychotiká  |x použitie terapeutické  |2 MESH  |9 1311121 
650 0 7 |a schizofrénia  |x farmakoterapia  |2 MESH  |9 871549 
650 0 7 |a tioridazín  |x použitie terapeutické  |2 MESH  |9 1466860 
650 0 7 |a kazuistika  |2 MESH  |9 19523 
773 0 |t Psychiatria pre prax  |g Roč. 6, č. 5 (2005), s. 257  |x 1335-9584 
850 |a Slovenská národná knižnica 
852 |a Slovenská národná knižnica 
954 |a odborná, vedecká literatúra cudzojazyčná (svetová)  |2 lita 
958 |a article27 
958 |a OND 
958 |a EUIPO 
999 |c 2933833  |d 2935763